000 00915nam a2200217 a 4500
003 PILC
005 20160201115908.0
008 121004s19uu xx 00 eng d
020 _a041598145
050 _aBF 173.F85
_b.M38 2007
100 _aMeisel, Perry.
245 _aThe literary Freud /
_cPerry Meisel.
260 _aNew York, NY :
_bRoutledge,
_c2007.
300 _a217 pages ;
_c24 cm.
500 _aIncludes bibliographical references and index.
520 _aMeisel argues that Freud's texts are properly literary, and casts Freud as both literary theoretician and practitioner. After an introductory reception history of Freud as literature, Meisel provides a series of close readings of Freud's major texts that take literary representation as their central focus.
600 _aFreud, Sigmund, 1856-1939
650 _aPsychoanalysis and literature
942 _cBK
_2lcc
_kFOR
999 _c22281
_d22281